Shadows: unlocking their secrets, from Plato to our time (Record no. 49551)

MARC details
000 -LEADER
fixed length control field 00867nam a2200253 a 4500
001 - CONTROL NUMBER
control field adlib96000001
003 - CONTROL NUMBER IDENTIFIER
control field ViArRB
005 - DATE AND TIME OF LATEST TRANSACTION
control field 200902210153555.7
008 - FIXED-LENGTH DATA ELEMENTS--GENERAL INFORMATION
fixed length control field 960221s1955 dcuabcdjdbkoqu001 0deng d
020 ## - INTERNATIONAL STANDARD BOOK NUMBER
International Standard Book Number 0-375-70711-5
022 ## - INTERNATIONAL STANDARD SERIAL NUMBER
International Standard Serial Number
040 ## - CATALOGING SOURCE
Original cataloging agency Adlib
082 ## - DEWEY DECIMAL CLASSIFICATION NUMBER
Classification number 535.311
100 ## - MAIN ENTRY--PERSONAL NAME
Personal name Casati, Roberto
Relator term
245 ## - TITLE STATEMENT
Title Shadows: unlocking their secrets, from Plato to our time
250 ## - EDITION STATEMENT
Edition statement
260 ## - PUBLICATION, DISTRIBUTION, ETC. (IMPRINT)
Place of publication, distribution, etc New York
Name of publisher, distributor, etc Vintage Books
Date of publication, distribution, etc 2004
300 ## - PHYSICAL DESCRIPTION
Extent viii, 230p.
Dimensions
500 ## - GENERAL NOTE
General note Orginally published as The Sahdow Club
653 ## - INDEX TERM--UNCONTROLLED
Uncontrolled term Shadows- Optics
-- Light
-- Photometry
-- Optics
-- Colour
-- Optical storage devices
-- Spectrum analysis
-- Phosphoresence
-- Spectroscopy
-- Physics
700 ## - ADDED ENTRY--PERSONAL NAME
Personal name Asher, Abigail
--
942 ## - ADDED ENTRY ELEMENTS (KOHA)
Koha item type Books
Holdings
Withdrawn status Lost status Damaged status Not for loan Home library Current library Date acquired Total Checkouts Full call number Barcode Date last seen Date checked out Price effective from Koha item type
        University Library University Library 16/06/2010 1 535.311 CAS 00053582 10/01/2011 06/01/2011 16/06/2010 Books
University Library, CUSAT